• 首页
  • 本馆介绍
  • 公告通知
  • 最新文献
  • 馆藏检索
  • 电子资源
  • 读者导购
  • 参考咨询
  • 我的图书馆
  • 登录
  • 详细信息显示
  • 放入我的书架
  • 预约/预借图书
  • 作者相关作品
  • 分类相关作品
  • 丛书相关作品
  • 出版社相关作品

书目信息

  • 表格格式
  • 工作单格式
  • 卡片格式
题名:
数制
    
 
作者: 莫司 , Moos 著 ;林尔康 译
分册:  
出版信息: 北京   科学出版社  1979
页数: 101页
开本: 19cm
丛书名:
单 册:
中图分类: TP301.6 , TP274
科图分类:
主题词: 进位计数制-运算方式 , 运算方式-进位计数制 , 自动化系统
电子资源:
ISBN:
000 00808nam0 2200313 45
001 0179006319
005 20040519163147.9
010    @dCNY0.30
091    @a15031.258
100    @a19950728d1979 em y0chiy0121 ea
101 1  @achi@ceng
102    @aCN@b110000
105    @ay z 000yy
106    @ar
200 10 @a数制@Ashu zhi@f(德)莫司(L.Moos)著@g林尔康译
210    @a北京@c科学出版社@d1979
215    @a101页@d19cm
300    @a书名原文:Zahlensysteme
510 1  @aZahlensysteme@zeng
606    @a进位计数制-运算方式
606    @a运算方式-进位计数制
606 0  @a自动化系统
690    @aTP301.6@v3
690    @aTP274
701  1 @a莫司@Amo si@bL.@4著
701 A1 @aMoos@bL.@4著
702  0 @a林尔康@Alin er kang@4译
801  0 @aCN@bNLC@c20040519
905    @f4@b21102-105@dTP274@e2
    
    数制/(德)莫司(L.Moos)著/林尔康译.-北京:科学出版社,1979
    101页;19cm
    书名原文:Zahlensysteme
    
    ISBN :CNY0.30
    
●
相关链接 在E读中查询图书 在五车中查询图书 在当当中查询图书 在豆瓣中查询图书


正题名:数制     索取号:TP274/2         预约/预借

序号 登录号 条形码 馆藏地/架位号 状态 备注
1 0021102   001329011   密集书库/ [索取号:TP274/2] 在馆    
2 0021103   001328977   密集书库/ [索取号:TP274/2] 在馆    
3 0021104   001328931   密集书库/ [索取号:TP274/2] 在馆    
4 0021105   001328851   密集书库/ [索取号:TP274/2] 在馆    
5 0021106   001328897   第三借阅区/ [索取号:TP274/2] 在馆    
唐山师范学院图书馆 欢迎您!
大连网信软件有限公司© 版权所有